Statistics for Kpop Girl Groups 2023

Click here to take the quiz!

General Stats

  • This quiz has been taken 749 times
  • The average score is 39 of 95

Answer Stats

HintAnswer% Correct
2016BLACKPINK
96%
2015Twice
95%
2019ITZY
91%
2007Girls Generation (SNSD)
90%
2022LE SSERAFIM
90%
2022NewJeans
90%
2021IVE
89%
2020æspa
87%
2018K/DA
87%
2014Red Velvet
86%
2018(G)I-DLE
84%
2018IZ*ONE
79%
2022NMIXX
79%
20092NE1
76%
2007Wonder Girls
75%
2014Mamamoo
74%
2022Kep1er
69%
2015Gfriend
67%
2018LOONA
67%
2020STAYC
66%
2011Apink
59%
2019Everglow
59%
2016I.O.I
59%
2018fromis_9
58%
2023BABYMONSTER
57%
2017Dreamcatcher
56%
2012AOA
55%
2009f(x)
55%
2010Miss A
52%
2010SISTAR
52%
2016WJSN (Cosmic Girls)
52%
2016Momoland
51%
2021Purple Kiss
50%
2015CLC
49%
2015Oh My Girl
49%
20094Minute
48%
2022FIFTY FIFTY
48%
2020Weeekly
48%
2021Billlie
47%
2007KARA
45%
2009T-ARA
44%
2022VIVIZ
43%
2019Cherry Bullet
42%
2012EXID
38%
2017Weki Meki
38%
2023tripleS
37%
2011Brave Girls
36%
2006Brown Eyed Girls
36%
2009After School
35%
2020BLACKSWAN
34%
2010Girl’s Day
33%
2019Rocket Punch
33%
2014Lovelyz
32%
2021LIGHTSUM
31%
2017PRISTIN
31%
2009SECRET
31%
2018GWSN
27%
2022LAPILLUS
27%
2021TRI.BE
27%
2022CLASS:y
26%
2016Gugudan
26%
2018Nature
26%
2010Orange Caramel
25%
2020Secret Number
25%
2020Woo!Ah!
25%
2015DIA
23%
2015APRIL
22%
2021PIXY
22%
2013Ladies’ Code
21%
2020Cignature
20%
2017ALICE (ELRIS)
17%
2012Crayon Pop
16%
2014Laboum
15%
2023LIMELIGHT
15%
2021bugAboo
14%
2012FIESTAR
14%
2012Hello Venus
14%
2009RAINBOW
14%
2019BVNDIT
13%
2011Dal Shabet
13%
2018Pink Fantasy
13%
2014SONAMOO
13%
2022CSR
11%
2018Dreamnote
11%
2021ICHILLIN’
11%
2022ILY:1
11%
2010Nine Muses
11%
2019HINAPIA
10%
20193YE
9%
2014Berry Good
9%
2020CRAXY
9%
2017Busters
8%
2020LUNARSOLAR
7%
2017Favorite
6%
2019Fanatics
5%

Score Distribution

Percentile by Number Answered

Percent of People with Each Score

Your Score History

You have not taken this quiz